000 00498nam a2200157 i 4500
001 55421
003 ES-MaACL
007 t|
008 030919s1984 sp ||||1| spa d
245 0 3 _aEl derecho de ser hombre /
_cantología preparada bajo la dirección de Jeanne Hersch ; [traducción, Gonzalo Arias].
260 _a[Madrid] :
_bTecnos,
_c[1984]
300 _a600 p. ;
_c24 cm.
700 1 _aHersch, Jeanne.
_963386
700 1 _aArias, Gonzalo.
_922747
852 _aES-MaACL
_jL-6519
_bR.107176
999 _c55421
_d55421